000 00400nam a2200145Ia 4500
008 231129s1996||||xx |||||||||||||| ||spa||
020 _a968-24-4743-7
040 _bspa
082 _a616.0252 C419p
100 _aCervantes Eduardo
245 0 _aPrimeros auxilios: La oportunidad de salvar una vida
260 _c1996
264 _aTrillas
942 _2ddc
_cBKS
999 _c23195
_d23195